[Event "Mataro-C"]
[Site "Mataro"]
[Date "2004.12.30"]
[Round "5"]
[White "Mayo Martinez, Manuel"]
[Black "Herms Agullo, Jordi"]
[Result "0-1"]
[WhiteElo "2021"]
[BlackElo "2077"]
[PlyCount "42"]
[EventDate "2004.12.??"]
[EventType "tourn"]
[EventRounds "9"]
[EventCountry "ESP"]
[SourceTitle "EXT 2006"]
[Source "ChessBase"]
[SourceDate "2005.11.24"]
[SourceVersion "1"]
[SourceVersionDate "2005.11.24"]
[SourceQuality "1"]

1. d4 Nf6 2. c4 e5 3. dxe5 Ne4 4. a3 d6 5. Nf3 Bf5 6. e3 Nc6 7. exd6 Bxd6 8. Be2 Qe7 9. Nbd2 0-0-0 10. Nxe4 Bxe4 11. Qa4 g5 12. 0-0 g4 13. Nd2 Bxh2+ 14. Kxh2 Qh4+ 15. Kg1 Bxg2 16. f4 gxf3 17. Bxf3 Bxf3 18. Rxf3 Qe1+ 19. Nf1 Rhg8+ 20. Kh1 Qh4+ 21. Nh2 Qg5 0-1

[Event "Joan Gelpi Memorial 19th"]
[Site "Calella"]
[Date "2004.11.13"]
[Round "9"]
[White "Colls Gelaberto, Emilio"]
[Black "Mayo Martinez, Manuel"]
[Result "1-0"]
[WhiteElo "2209"]
[BlackElo "2228"]
[PlyCount "139"]
[EventDate "2004.09.19"]
[EventType "swiss"]
[EventRounds "9"]
[EventCountry "ESP"]
[SourceTitle "CBM 103 Extra"]
[Source "ChessBase"]
[SourceDate "2005.01.01"]
[SourceVersion "1"]
[SourceVersionDate "2005.01.01"]
[SourceQuality "1"]

1. d4 e6 2. Nf3 d5 3. g3 Bd6 4. c4 c6 5. Qc2 Nf6 6. Bg2 Nbd7 7. 0-0 0-0 8. b3 e5 9. dxe5 Nxe5 10. Bb2 Nxf3+ 11. Bxf3 dxc4 12. Qxc4 Be6 13. Qc2 Qe7 14. Nd2 Rfe8 15. Nc4 Bxc4 16. Qxc4 Be5 17. Qc2 Rad8 18. Rad1 Bxb2 19. Qxb2 Ne4 20. h4 f5 21. Qc2 Qe5 22. Qc4+ Kh8 23. Bxe4 Qxe4 24. Qxe4 fxe4 25. g4 Kg8 26. Kg2 Kf7 27. Kg3 Ke6 28. Kf4 Rf8+ 29. Ke3 Ke5 30. Rxd8 Rxd8 31. Rc1 Kf6 32. Rc4 Rd1 33. Rxe4 Ra1 34. Ra4 a6 35. h5 g6 36. hxg6 hxg6 37. Kf4 Rd1 38. e3 c5 39. f3 Rd6 40. g5+ Kf7 41. Rc4 Rc6 42. Ke5 Re6+ 43. Kf4 Rc6 44. Rc1 b5 45. Rh1 Ke6 46. e4 c4 47. bxc4 bxc4 48. Rh6 Kf7 49. Rh2 Rc5 50. Rc2 Ke6 51. Ke3 Rxg5 52. Rxc4 Ra5 53. Rc6+ Kf7 54. Rc2 Ke6 55. Kf4 Kf6 56. Kg4 g5 57. Rc6+ Kf7 58. Rd6 Rxa2 59. Kxg5 a5 60. Kf5 a4 61. Rd7+ Ke8 62. Ra7 a3 63. f4 Ra1 64. Ke6 Kf8 65. f5 a2 66. f6 Kg8 67. Ra8+ Kh7 68. f7 Rf1 69. Rxa2 Kg7 70. Rg2+ 1-0

[Event "Euskadi-ch Absoluto"]
[Site "Euskadi"]
[Date "1997.??.??"]
[Round "?"]
[White "Mayo Martinez, Manuel"]
[Black "Iruzubieta Villaluenga, Jesus Maria"]
[Result "0-1"]
[WhiteElo "2205"]
[BlackElo "2435"]
[PlyCount "68"]
[EventDate "1997.??.??"]
[EventType "swiss"]
[EventRounds "7"]
[EventCountry "ESP"]
[SourceTitle "EXT 2003"]
[Source "ChessBase"]
[SourceDate "2002.11.25"]
[SourceVersion "1"]
[SourceVersionDate "2002.11.25"]
[SourceQuality "1"]

1. d4 g6 2. e4 Bg7 3. Nc3 d6 4. Bc4 Nf6 5. Nf3 c6 6. Qe2 b5 7. Bb3 b4 8. e5 bxc3 9. exf6 Bxf6 10. Qc4 0-0 11. Qxc3 e6 12. Bh6 Re8 13. Qd2 Nd7 14. 0-0 Bb7 15. Qf4 c5 16. Ba4 Re7 17. Qxd6 Bxf3 18. gxf3 cxd4 19. Rad1 Ne5 20. Qxd8+ Rxd8 21. Kg2 Nc4 22. Bc1 Rb7 23. b3 Nd6 24. Bb2 Nf5 25. c4 Rc8 26. Rd3 e5 27. Ba3 Be7 28. Bxe7 Rxe7 29. Rc1 Rec7 30. Bb5 a6 31. Bxa6 Ra8 32. Bb5 Rxa2 33. Kf1 Nd6 34. Ba4 Nxc4 0-1